| 000 | 00655nam a2200181 i 4500 | ||
|---|---|---|---|
| 001 | 62183 | ||
| 003 | ES-MaACL | ||
| 005 | 20230906164625.0 | ||
| 007 | t| | ||
| 008 | 031118s1988 sp ||||1| spa d | ||
| 111 | 2 |
_aFeria de la Creatividad ( _n16ª. _d1988. _cMadrid) _9721 |
|
| 245 | 1 | 3 |
_aLa feria de la creatividad _b: volumen anual de la revista quincenal IPMARK. |
| 260 |
_aMadrid ; _aBarcelona : _bEdiciones y Estudios, _c[1988] |
||
| 300 |
_a192 p. : _bprincipalmente il. ; _c28 cm. |
||
| 500 | _aIndices. | ||
| 500 | _aLa Feria consta de este v. más una cassette de vídeo en la que figuran los spots. | ||
| 852 |
_aES-MaACL _jL-12877 _bR.116289 |
||
| 999 |
_c62183 _d62183 |
||